[Event "DSJ Weihnachtsturnier U20 2020"]
[Site "https://play.chessbase.com/en/play?room=DSJWeihnachtU20"]
[Date "2020.12.29"]
[Round "1"]
[White "Giebler, Kai"]
[Black "Alhamid, Mohamad"]
[Result "1-0"]
[Termination "normal"]
[Board "6.4"]
[WhiteElo "1880"]
[BlackElo "1664"]
[WhiteTeam "TSV Schönaich"]
[BlackTeam "Delmenhorster SK V 1931"]
[PlyCount "141"]
[WhiteFideId "12998664"]
[BlackFideId "16235665"]
[EventRounds "7"]
[EventType "team-swiss"]
[EventDate "2020.12.29"]

1. e4 {[%emt 0:00:03]} e5 {[%emt 0:00:02]} 2. Nf3 {[%emt 0:00:02]} Nc6 { [%emt
0:00:01]} 3. d4 {[%emt 0:00:02]} exd4 {[%emt 0:00:01]} 4. Nxd4 {[%emt 0:00:00]}
Bc5 {[%emt 0:00:07]} 5. Nb3 {[%emt 0:00:01]} Bb6 {[%emt 0:00:02]} 6. Nc3 {[%emt
0:00:00]} d6 {[%emt 0:00:07]} 7. Qe2 {[%emt 0:00:01]} Nf6 {[%emt 0:00:04]} 8.
Bg5 {[%emt 0:00:03]} Be6 {[%emt 0:00:04]} 9. O-O-O {[%emt 0:00:02]} Qe7 {[%emt
0:00:04]} 10. f3 {[%emt 0:00:10]} a5 {[%emt 0:00:10]} 11. a4 { [%emt 0:00:33]}
h6 {[%emt 0:00:29]} 12. Bh4 {[%emt 0:00:51]} g5 {[%emt 0:00:45] } 13. Bf2
{[%emt 0:00:10]} Nd7 {[%emt 0:00:03]} 14. Nb5 {[%emt 0:00:51]} Rc8 { [%emt
0:00:20]} 15. N3d4 {[%emt 0:00:21]} Nde5 {[%emt 0:00:38]} 16. Nxe6 { [%emt
0:00:54]} Bxf2 {[%emt 0:00:47]} 17. Ng7+ {[%emt 0:00:06]} Kf8 {[%emt 0:00:40]}
18. Nf5 {[%emt 0:00:02]} Qe6 {[%emt 0:00:45]} 19. Qxf2 {[%emt 0:00:07]} Qa2
{[%emt 0:00:04]} 20. b3 {[%emt 0:00:50]} Nb4 {[%emt 0:00:32]} 21. Nc3 { [%emt
0:01:08]} Qa1+ {[%emt 0:00:46]} 22. Kd2 {[%emt 0:00:03]} Qb2 {[%emt 0:00:02]}
23. Ne3 {[%emt 0:00:25]} Nbc6 {[%emt 0:00:45]} 24. Nc4 {[%emt 0:01:04]} Nxc4+
{[%emt 0:00:13]} 25. Bxc4 {[%emt 0:00:00]} Ne5 {[%emt 0:00:09]} 26. Qd4 { [%emt
0:00:10]} Re8 {[%emt 0:00:32]} 27. Ra1 {[%emt 0:00:17]} c5 {[%emt 0:00:11]} 28.
Qd5 {[%emt 0:00:11]} Nxc4+ {[%emt 0:00:19]} 29. Qxc4 {[%emt 0:00:02]} d5 {[%emt
0:00:05]} 30. Qxd5 {[%emt 0:00:07]} Kg7 {[%emt 0:00:21]} 31. Rhb1 { [%emt
0:00:12]} Qxa1 {[%emt 0:00:06]} 32. Rxa1 {[%emt 0:00:01]} Rd8 {[%emt 0:00:03]}
33. Rd1 {[%emt 0:00:02]} Rxd5+ {[%emt 0:00:02]} 34. Nxd5 {[%emt 0:00:00]} Rd8
{[%emt 0:00:05]} 35. Kc3 {[%emt 0:00:01]} f5 {[%emt 0:00:03]} 36. exf5 {[%emt
0:00:04]} Kf7 {[%emt 0:00:06]} 37. Kc4 {[%emt 0:00:02]} Rc8 {[%emt 0:00:07]}
38. g4 {[%emt 0:00:05]} h5 {[%emt 0:00:12]} 39. Re1 {[%emt 0:00:02]} hxg4
{[%emt 0:00:04]} 40. fxg4 {[%emt 0:00:02]} Rh8 {[%emt 0:00:01]} 41. Re7+ {
[%emt 0:00:05]} Kf8 {[%emt 0:00:04]} 42. Re2 {[%emt 0:00:04]} Rh4 {[%emt
0:00:02]} 43. Rg2 {[%emt 0:00:03]} Rh3 {[%emt 0:00:05]} 44. c3 {[%emt 0:00:03]}
Rf3 {[%emt 0:00:07]} 45. Kxc5 {[%emt 0:00:02]} Rd3 {[%emt 0:00:04]} 46. Kc4 {
[%emt 0:00:06]} Rd1 {[%emt 0:00:03]} 47. Rg3 {[%emt 0:00:03]} Rd2 {[%emt
0:00:02]} 48. h3 {[%emt 0:00:01]} Re2 {[%emt 0:00:02]} 49. Re3 {[%emt 0:00:01]}
Rd2 {[%emt 0:00:03]} 50. Nc7 {[%emt 0:00:03]} Rd7 {[%emt 0:00:04]} 51. Ne6+ {
[%emt 0:00:01]} Kf7 {[%emt 0:00:01]} 52. Rd3 {[%emt 0:00:01]} Re7 {[%emt
0:00:03]} 53. Rd8 {[%emt 0:00:02]} Kf6 {[%emt 0:00:03]} 54. Kd5 {[%emt
0:00:02]} Rf7 {[%emt 0:00:05]} 55. Rf8 {[%emt 0:00:01]} Rxf8 {[%emt 0:00:02]}
56. Nxf8 { [%emt 0:00:01]} b5 {[%emt 0:00:00]} 57. axb5 {[%emt 0:00:02]} a4
{[%emt 0:00:01]} 58. bxa4 {[%emt 0:00:03]} Kf7 {[%emt 0:00:02]} 59. Ne6 {[%emt
0:00:03]} Kf6 {[%emt 0:00:00]} 60. Nxg5 {[%emt 0:00:02]} Kg7 {[%emt 0:00:03]}
61. b6 { [%emt 0:00:02]} Kf6 {[%emt 0:00:00]} 62. b7 {[%emt 0:00:01]} Ke7
{[%emt 0:00:00]} 63. b8=Q {[%emt 0:00:03]} Kf6 {[%emt 0:00:00]} 64. Qe5+ {[%emt
0:00:03]} Kxg5 {[%emt 0:00:02]} 65. f6+ {[%emt 0:00:03]} Kg6 {[%emt 0:00:02]}
66. Qf5+ { [%emt 0:00:03]} Kf7 {[%emt 0:00:01]} 67. Qe6+ {[%emt 0:00:01]} Kf8
{[%emt 0:00:02]} 68. f7 {[%emt 0:00:01]} Kg7 {[%emt 0:00:01]} 69. Qe7 {[%emt
0:00:04]} Kh6 {[%emt 0:00:03]} 70. f8=Q+ {[%emt 0:00:02]} Kg6 {[%emt 0:00:01]}
71. Qeg7# { [%emt 0:00:04]} 1-0

[Event "DSJ Weihnachtsturnier U20 2020"]
[Site "https://play.chessbase.com/en/play?room=DSJWeihnachtU20"]
[Date "2020.12.29"]
[Round "1"]
[White "Knüdel, Torben"]
[Black "Kamp, Aaron"]
[Result "1-0"]
[Termination "time forfeit"]
[Board "7.1"]
[WhiteElo "2204"]
[BlackElo "1771"]
[WhiteTeam "Post SV Uelzen"]
[BlackTeam "Schachklub Münster 32 2"]
[PlyCount "65"]
[WhiteFideId "16208820"]
[BlackFideId "16231120"]
[EventRounds "7"]
[EventType "team-swiss"]
[EventDate "2020.12.29"]

1. e4 {[%emt 0:00:03]} c5 {[%emt 0:00:05]} 2. Nf3 {[%emt 0:00:03]} d6 {[%emt
0:00:03]} 3. Nc3 {[%emt 0:00:02]} Nc6 {[%emt 0:00:03]} 4. d4 {[%emt 0:00:02]}
cxd4 {[%emt 0:00:02]} 5. Nxd4 {[%emt 0:00:01]} g6 {[%emt 0:00:06]} 6. Nxc6 {
[%emt 0:00:13]} bxc6 {[%emt 0:00:02]} 7. Qd4 {[%emt 0:00:02]} Nf6 {[%emt
0:00:04]} 8. e5 {[%emt 0:00:13]} dxe5 {[%emt 0:00:04]} 9. Qxd8+ {[%emt
0:00:11]} Kxd8 {[%emt 0:00:02]} 10. Bg5 {[%emt 0:00:04]} Bg4 {[%emt 0:00:32]}
11. f3 { [%emt 0:00:06]} Be6 {[%emt 0:00:29]} 12. Be2 {[%emt 0:01:01]} h6
{[%emt 0:00:28]} 13. Bh4 {[%emt 0:00:17]} Rb8 {[%emt 0:00:20]} 14. Bf2 {[%emt
0:00:06]} Rxb2 {[%emt 0:00:23]} 15. O-O-O+ {[%emt 0:00:04]} Nd7 {[%emt
0:00:33]} 16. Kxb2 {[%emt 0:00:04]} Kc7 {[%emt 0:00:08]} 17. f4 {[%emt
0:00:49]} Bg7 {[%emt 0:00:13]} 18. fxe5 {[%emt 0:00:03]} Nxe5 {[%emt 0:01:12]}
19. Bd4 {[%emt 0:00:23]} Rb8+ {[%emt 0:01:07]} 20. Ka3 {[%emt 0:00:15]} c5
{[%emt 0:00:59]} 21. Bxe5+ { [%emt 0:00:29]} Bxe5 {[%emt 0:00:04]} 22. Nb5+
{[%emt 0:00:02]} Kc6 {[%emt 0:00:15]} 23. Rb1 {[%emt 0:00:41]} Rb6 {[%emt
0:02:17]} 24. Nxa7+ {[%emt 0:00:15] } Kb7 {[%emt 0:00:05]} 25. Rxb6+ {[%emt
0:00:02]} Kxb6 {[%emt 0:00:02]} 26. Nb5 {[%emt 0:00:09]} c4 {[%emt 0:00:07]}
27. Rb1 {[%emt 0:00:18]} Ka5 {[%emt 0:00:38]} 28. c3 {[%emt 0:00:18]} Bf5
{[%emt 0:00:08]} 29. Rb4 {[%emt 0:00:17]} Bc2 {[%emt 0:00:03]} 30. Bxc4 {[%emt
0:00:19]} Bf4 {[%emt 0:00:09]} 31. Kb2 { [%emt 0:00:03]} Ba4 {[%emt 0:00:04]}
32. Nd4 {[%emt 0:00:07]} Bd6 {[%emt 0:00:07]} 33. Nb3+ {[%emt 0:00:14] TimeB}
1-0

[Event "DSJ Weihnachtsturnier U20 2020"]
[Site "https://play.chessbase.com/en/play?room=DSJWeihnachtU20"]
[Date "2020.12.29"]
[Round "1"]
[White "Bargsten, Justus"]
[Black "Kvantaliani, Saba"]
[Result "1-0"]
[Termination "normal"]
[Board "7.3"]
[WhiteElo "2052"]
[BlackElo "1535"]
[WhiteTeam "Post SV Uelzen"]
[BlackTeam "Schachklub Münster 32 2"]
[PlyCount "55"]
[WhiteFideId "12974188"]
[BlackFideId "16284364"]
[EventRounds "7"]
[EventType "team-swiss"]
[EventDate "2020.12.29"]

1. e4 {[%emt 0:00:04]} c5 {[%emt 0:00:10]} 2. Nf3 {[%emt 0:00:01]} d6 {[%emt
0:00:01]} 3. d4 {[%emt 0:00:02]} Nf6 {[%emt 0:00:01]} 4. Nc3 {[%emt 0:00:02]}
cxd4 {[%emt 0:00:02]} 5. Nxd4 {[%emt 0:00:01]} Nc6 {[%emt 0:00:01]} 6. h3 {
[%emt 0:00:03]} Bd7 {[%emt 0:00:01]} 7. g4 {[%emt 0:00:03]} h6 {[%emt 0:00:15]}
8. Be3 {[%emt 0:00:03]} a6 {[%emt 0:00:03]} 9. Bg2 {[%emt 0:00:03]} Rc8 { [%emt
0:00:03]} 10. O-O {[%emt 0:00:05]} Ne5 {[%emt 0:00:13]} 11. Qe2 {[%emt
0:00:40]} g6 {[%emt 0:00:44]} 12. f4 {[%emt 0:00:09]} Nc4 {[%emt 0:00:05]} 13.
Bf2 {[%emt 0:00:51]} Nxb2 {[%emt 0:00:36]} 14. e5 {[%emt 0:00:26]} dxe5 { [%emt
0:00:22]} 15. fxe5 {[%emt 0:00:12]} Nxg4 {[%emt 0:00:07]} 16. hxg4 { [%emt
0:00:10]} Rxc3 {[%emt 0:00:03]} 17. Rab1 {[%emt 0:00:11]} Na4 {[%emt 0:00:14]}
18. e6 {[%emt 0:00:06]} Bxe6 {[%emt 0:03:59]} 19. Nxe6 {[%emt 0:00:09]} fxe6
{[%emt 0:00:02]} 20. Qxe6 {[%emt 0:00:09]} Qd6 {[%emt 0:00:02]} 21. Qe4 { [%emt
0:00:32]} Nc5 {[%emt 0:00:26]} 22. Qb4 {[%emt 0:00:31]} Bg7 {[%emt 0:00:26]}
23. Rbd1 {[%emt 0:00:04]} Qc7 {[%emt 0:00:18]} 24. Bd4 {[%emt 0:00:18]} Rxc2
{[%emt 0:01:25]} 25. Bxg7 {[%emt 0:00:38]} Rg8 {[%emt 0:00:04]} 26. Qd4 { [%emt
0:00:35]} Ne6 {[%emt 0:00:10]} 27. Qe4 {[%emt 0:00:13]} Nxg7 {[%emt 0:00:08]}
28. Qxg6# {[%emt 0:00:04]} 1-0

[Event "DSJ Weihnachtsturnier U20 2020"]
[Site "https://play.chessbase.com/en/play?room=DSJWeihnachtU20"]
[Date "2020.12.29"]
[Round "1"]
[White "John, Niklas"]
[Black "Askerov, Imamali"]
[Result "0-1"]
[Termination "time forfeit"]
[Board "7.4"]
[WhiteElo "1521"]
[BlackElo "1937"]
[WhiteTeam "Schachklub Münster 32 2"]
[BlackTeam "Post SV Uelzen"]
[PlyCount "76"]
[WhiteFideId "16234626"]
[BlackFideId "12974498"]
[EventRounds "7"]
[EventType "team-swiss"]
[EventDate "2020.12.29"]

1. e4 {[%emt 0:00:20]} c5 {[%emt 0:00:02]} 2. Nf3 {[%emt 0:00:06]} e6 {[%emt
0:00:01]} 3. d4 {[%emt 0:00:02]} cxd4 {[%emt 0:00:00]} 4. Nxd4 {[%emt 0:00:01]}
Nc6 {[%emt 0:00:01]} 5. Nc3 {[%emt 0:00:11]} a6 {[%emt 0:00:01]} 6. Be2 { [%emt
0:00:17]} Qc7 {[%emt 0:00:02]} 7. O-O {[%emt 0:00:05]} Nf6 {[%emt 0:00:01]} 8.
Bg5 {[%emt 0:00:20]} Be7 {[%emt 0:00:02]} 9. Qd2 {[%emt 0:00:31]} h6 { [%emt
0:00:14]} 10. Bh4 {[%emt 0:00:20]} O-O {[%emt 0:00:49]} 11. Bg3 {[%emt
0:00:10]} d6 {[%emt 0:00:06]} 12. Rfe1 {[%emt 0:00:37]} Rd8 {[%emt 0:00:21]}
13. Bf3 {[%emt 0:00:19]} e5 {[%emt 0:00:28]} 14. Nxc6 {[%emt 0:00:38]} bxc6 {
[%emt 0:00:00]} 15. Rad1 {[%emt 0:00:33]} Rb8 {[%emt 0:00:06]} 16. Qc1 { [%emt
0:00:40]} Be6 {[%emt 0:00:08]} 17. Be2 {[%emt 0:00:50]} Qa5 {[%emt 0:00:58]}
18. a3 {[%emt 0:00:43]} Qb6 {[%emt 0:00:22]} 19. Na4 {[%emt 0:00:17]} Qb7
{[%emt 0:00:02]} 20. Kh1 {[%emt 0:00:17]} Nxe4 {[%emt 0:00:11]} 21. Bf3 { [%emt
0:01:15]} Nxg3+ {[%emt 0:00:20]} 22. fxg3 {[%emt 0:00:02]} Qb5 {[%emt 0:00:10]}
23. b3 {[%emt 0:00:31]} Bg5 {[%emt 0:00:19]} 24. Qb2 {[%emt 0:00:18]} Bf6
{[%emt 0:00:04]} 25. Qc1 {[%emt 0:00:07]} d5 {[%emt 0:00:23]} 26. Nc3 { [%emt
0:00:08]} Qc5 {[%emt 0:00:12]} 27. Na4 {[%emt 0:00:02]} Qa5 {[%emt 0:00:07]}
28. Re2 {[%emt 0:00:13]} e4 {[%emt 0:00:05]} 29. Bxe4 {[%emt 0:00:29]} dxe4
{[%emt 0:00:04]} 30. Rxd8+ {[%emt 0:00:04]} Rxd8 {[%emt 0:00:00]} 31. Rxe4
{[%emt 0:00:04]} Bg5 {[%emt 0:00:06]} 32. Qf1 {[%emt 0:00:09]} Qd2 {[%emt
0:00:11]} 33. Re2 {[%emt 0:00:03]} Qd1 {[%emt 0:00:02]} 34. Kg1 {[%emt
0:00:13]} Bg4 {[%emt 0:00:16]} 35. Qxd1 {[%emt 0:00:05]} Rxd1+ {[%emt 0:00:03]}
36. Kf2 { [%emt 0:00:01]} Bxe2 {[%emt 0:00:01]} 37. Kxe2 {[%emt 0:00:01]} Rd2+
{[%emt 0:00:00]} 38. Kf3 {[%emt 0:00:01]} Rxc2 {[%emt 0:00:01] TimeW} 0-1

[Event "DSJ Weihnachtsturnier U20 2020"]
[Site "https://play.chessbase.com/en/play?room=DSJWeihnachtU20"]
[Date "2020.12.29"]
[Round "1"]
[White "Werner, Tom"]
[Black "Joeres, Stefan"]
[Result "0-1"]
[Termination "normal"]
[Board "8.1"]
[WhiteElo "1780"]
[BlackElo "2176"]
[WhiteTeam "VSG 1880 Offenbach"]
[BlackTeam "Karlsruher SF 1853"]
[PlyCount "138"]
[WhiteFideId "16223756"]
[BlackFideId "12983160"]
[EventRounds "7"]
[EventType "team-swiss"]
[EventDate "2020.12.29"]

1. c4 {[%emt 0:00:06]} c6 {[%emt 0:00:03]} 2. Nc3 {[%emt 0:00:03]} d5 {[%emt
0:00:01]} 3. cxd5 {[%emt 0:00:01]} cxd5 {[%emt 0:00:00]} 4. d4 {[%emt 0:00:01]}
Nf6 {[%emt 0:00:01]} 5. Bg5 {[%emt 0:00:04]} e6 {[%emt 0:00:10]} 6. Nf3 { [%emt
0:00:04]} Be7 {[%emt 0:00:03]} 7. e3 {[%emt 0:00:05]} O-O {[%emt 0:00:01] } 8.
Bd3 {[%emt 0:00:02]} b6 {[%emt 0:00:02]} 9. O-O {[%emt 0:00:02]} Ba6 { [%emt
0:00:01]} 10. Qe2 {[%emt 0:00:05]} Bxd3 {[%emt 0:00:02]} 11. Qxd3 { [%emt
0:00:00]} Nc6 {[%emt 0:00:06]} 12. a3 {[%emt 0:00:02]} Qd7 {[%emt 0:00:05]} 13.
Ne5 {[%emt 0:00:37]} Nxe5 {[%emt 0:00:10]} 14. dxe5 {[%emt 0:00:00]} Ne8 {[%emt
0:00:53]} 15. Bxe7 {[%emt 0:00:38]} Qxe7 {[%emt 0:00:00]} 16. Rac1 { [%emt
0:00:02]} Nc7 {[%emt 0:00:10]} 17. Rc2 {[%emt 0:00:23]} Rfc8 {[%emt 0:00:58]}
18. Rfc1 {[%emt 0:00:12]} Qd7 {[%emt 0:00:06]} 19. Ne2 {[%emt 0:00:37]} Ne8
{[%emt 0:00:29]} 20. e4 {[%emt 0:01:11]} Rxc2 {[%emt 0:00:16]} 21. Rxc2 { [%emt
0:00:22]} Rd8 {[%emt 0:00:07]} 22. exd5 {[%emt 0:00:51]} Qxd5 {[%emt 0:00:00]}
23. Qxd5 {[%emt 0:00:06]} Rxd5 {[%emt 0:00:00]} 24. f4 {[%emt 0:00:02]} Kf8
{[%emt 0:00:08]} 25. Kf2 {[%emt 0:00:12]} Ke7 {[%emt 0:00:04]} 26. Ke3 { [%emt
0:00:11]} g5 {[%emt 0:00:17]} 27. g3 {[%emt 0:00:11]} f6 {[%emt 0:00:10]} 28.
exf6+ {[%emt 0:00:12]} Kxf6 {[%emt 0:00:06]} 29. Rc8 {[%emt 0:00:18]} Ke7 {
[%emt 0:00:09]} 30. Nd4 {[%emt 0:00:54]} gxf4+ {[%emt 0:00:06]} 31. gxf4 {
[%emt 0:00:07]} Rh5 {[%emt 0:00:08]} 32. Nf3 {[%emt 0:00:42]} Nf6 {[%emt
0:01:08]} 33. Rc7+ {[%emt 0:00:33]} Kd6 {[%emt 0:00:01]} 34. Rxa7 {[%emt
0:00:03]} Nd5+ {[%emt 0:00:01]} 35. Ke4 {[%emt 0:00:04]} Rf5 {[%emt 0:00:03]}
36. Nd2 { [%emt 0:00:33]} Rxf4+ {[%emt 0:00:04]} 37. Kd3 {[%emt 0:00:01]} Rh4
{[%emt 0:00:03]} 38. Ra8 {[%emt 0:00:09]} Rxh2 {[%emt 0:00:07]} 39. Nc4+ {[%emt
0:00:07] } Ke7 {[%emt 0:00:13]} 40. Ra7+ {[%emt 0:00:06]} Kf6 {[%emt 0:00:01]}
41. Rb7 { [%emt 0:00:02]} Rh3+ {[%emt 0:00:17]} 42. Kd2 {[%emt 0:00:13]} Kf5
{[%emt 0:00:38]} 43. Kc2 {[%emt 0:00:09]} h5 {[%emt 0:00:14]} 44. Nxb6 {[%emt
0:00:17]} Rh2+ {[%emt 0:00:07]} 45. Kb3 {[%emt 0:00:10]} Nf4 {[%emt 0:00:10]}
46. a4 { [%emt 0:00:03]} Nd3 {[%emt 0:00:06]} 47. Rf7+ {[%emt 0:00:05]} Kg6
{[%emt 0:00:03]} 48. Rf3 {[%emt 0:00:02]} Rxb2+ {[%emt 0:00:03]} 49. Kc3 {[%emt
0:00:05]} Rxb6 {[%emt 0:00:03]} 50. Kxd3 {[%emt 0:00:01]} Rb3+ {[%emt 0:00:09]}
51. Ke4 { [%emt 0:00:02]} Rb4+ {[%emt 0:00:03]} 52. Ke5 {[%emt 0:00:05]} Rxa4
{[%emt 0:00:01]} 53. Kxe6 {[%emt 0:00:01]} Kg5 {[%emt 0:00:01]} 54. Ke5 {[%emt
0:00:08]} Kg4 {[%emt 0:00:05]} 55. Rf8 {[%emt 0:00:04]} h4 {[%emt 0:00:01]} 56.
Rg8+ { [%emt 0:00:01]} Kf3 {[%emt 0:00:01]} 57. Rf8+ {[%emt 0:00:02]} Ke3
{[%emt 0:00:04]} 58. Rh8 {[%emt 0:00:01]} Kf2 {[%emt 0:00:05]} 59. Rf8+ {[%emt
0:00:04]} Kg2 {[%emt 0:00:01]} 60. Rg8+ {[%emt 0:00:01]} Kh2 {[%emt 0:00:01]}
61. Kf5 { [%emt 0:00:04]} h3 {[%emt 0:00:02]} 62. Ke5 {[%emt 0:00:02]} Kh1
{[%emt 0:00:02]} 63. Kf5 {[%emt 0:00:02]} h2 {[%emt 0:00:02]} 64. Ke5 {[%emt
0:00:01]} Ra1 {[%emt 0:00:16]} 65. Kf4 {[%emt 0:00:04]} Rg1 {[%emt 0:00:02]}
66. Rh8 { [%emt 0:00:08]} Kg2 {[%emt 0:00:01]} 67. Rg8+ {[%emt 0:00:01]} Kf1
{[%emt 0:00:02]} 68. Rf8 {[%emt 0:00:10]} h1=Q {[%emt 0:00:04]} 69. Ke3+ {[%emt
0:00:00]} Ke1 {[%emt 0:00:01]} 0-1

[Event "DSJ Weihnachtsturnier U20 2020"]
[Site "https://play.chessbase.com/en/play?room=DSJWeihnachtU20"]
[Date "2020.12.29"]
[Round "1"]
[White "Koll, Lukas"]
[Black "Werner, Rosalie"]
[Result "1-0"]
[Termination "normal"]
[Board "8.2"]
[WhiteElo "2049"]
[BlackElo "1751"]
[WhiteTeam "Karlsruher SF 1853"]
[BlackTeam "VSG 1880 Offenbach"]
[PlyCount "99"]
[WhiteFideId "12969737"]
[BlackFideId "16223748"]
[EventRounds "7"]
[EventType "team-swiss"]
[EventDate "2020.12.29"]

1. c4 {[%emt 0:00:07]} Nf6 {[%emt 0:00:02]} 2. g3 {[%emt 0:00:00]} d6 {[%emt
0:00:01]} 3. Bg2 {[%emt 0:00:00]} Nbd7 {[%emt 0:00:02]} 4. Nc3 {[%emt 0:00:00]}
g6 {[%emt 0:00:06]} 5. Nf3 {[%emt 0:00:03]} Bg7 {[%emt 0:00:02]} 6. d4 { [%emt
0:00:01]} O-O {[%emt 0:00:08]} 7. O-O {[%emt 0:00:03]} e5 {[%emt 0:00:04] } 8.
e4 {[%emt 0:00:06]} c6 {[%emt 0:00:05]} 9. b3 {[%emt 0:00:02]} Qa5 { [%emt
0:00:14]} 10. Bb2 {[%emt 0:00:02]} exd4 {[%emt 0:00:36]} 11. Nxd4 { [%emt
0:00:02]} Ne5 {[%emt 0:00:14]} 12. h3 {[%emt 0:00:10] Offenba1-002
reconnected.} Re8 {[%emt 0:00:24]} 13. f4 {[%emt 0:00:02]} Qc5 {[%emt 0:00:27]}
14. fxe5 {[%emt 0:00:13]} dxe5 {[%emt 0:00:00]} 15. Na4 {[%emt 0:00:02]
Offenba1-002 reconnected.} Qa5 {[%emt 0:00:33]} 16. Ne2 {[%emt 0:00:10]} b5 {
[%emt 0:00:15]} 17. cxb5 {[%emt 0:00:07] Offenba1-002 reconnected.} Qxb5 {
[%emt 0:00:29]} 18. Rc1 {[%emt 0:00:10]} Ba6 {[%emt 0:00:08]} 19. Nac3 { [%emt
0:00:09] Offenba1-002 reconnected.} Qb6+ {[%emt 0:00:47]} 20. Kh2 { [%emt
0:00:03] Offenba1-002 reconnected.} Rad8 {[%emt 0:00:28]} 21. Qe1 { [%emt
0:00:19] Offenba1-002 reconnected.} Qe3 {[%emt 0:00:25]} 22. Qf2 { [%emt
0:00:41]} Qd2 {[%emt 0:00:53]} 23. Ba3 {[%emt 0:00:19]} Qh6 {[%emt 0:00:51]}
24. Kg1 {[%emt 0:00:29]} Rd2 {[%emt 0:00:29]} 25. Rfd1 {[%emt 0:00:13]} Red8
{[%emt 0:00:13]} 26. Rxd2 {[%emt 0:00:06]} Rxd2 {[%emt 0:00:13]} 27. Re1 {
[%emt 0:00:51]} Rd7 {[%emt 0:00:49]} 28. Bc1 {[%emt 0:00:06]} Qh5 {[%emt
0:00:09]} 29. g4 {[%emt 0:00:08]} Nxg4 {[%emt 0:00:13]} 30. hxg4 {[%emt
0:00:01]} Qxg4 {[%emt 0:00:00]} 31. Qf3 {[%emt 0:00:08]} Qe6 {[%emt 0:00:15]}
32. Rd1 { [%emt 0:00:08] Offenba1-002 reconnected.} Rxd1+ {[%emt 0:00:34]} 33.
Nxd1 { [%emt 0:00:00]} Qd6 {[%emt 0:00:08]} 34. Ndc3 {[%emt 0:00:13]} f5 {[%emt
0:00:35]} 35. exf5 {[%emt 0:00:07]} Bxe2 {[%emt 0:00:07]} 36. Nxe2 {[%emt
0:00:03]} Qd1+ {[%emt 0:00:05]} 37. Qf1 {[%emt 0:00:02]} Qc2 {[%emt 0:00:03]}
38. f6 { [%emt 0:00:19]} Bf8 {[%emt 0:00:02]} 39. f7+ {[%emt 0:00:05]} Kg7
{[%emt 0:00:01]} 40. Be3 {[%emt 0:00:02]} Qf5 {[%emt 0:00:02]} 41. Qxf5 {[%emt
0:00:02]} gxf5 {[%emt 0:00:00]} 42. Bxc6 {[%emt 0:00:01]} Kxf7 {[%emt 0:00:01]}
43. Bxa7 {[%emt 0:00:14]} Bb4 {[%emt 0:00:01]} 44. Bd5+ {[%emt 0:00:04]} Kf6
{[%emt 0:00:02]} 45. a4 {[%emt 0:00:00]} e4 {[%emt 0:00:02]} 46. Be3 {[%emt
0:00:02]} Ke5 {[%emt 0:00:01]} 47. Bg8 {[%emt 0:00:03]} Kd6 {[%emt 0:00:03]}
48. Bxh7 { [%emt 0:00:02]} Be1 {[%emt 0:00:01]} 49. Bxf5 {[%emt 0:00:01]} Ke5
{[%emt 0:00:01]} 50. Bh7 {[%emt 0:00:02]} 1-0

[Event "DSJ Weihnachtsturnier U20 2020"]
[Site "https://play.chessbase.com/en/play?room=DSJWeihnachtU20"]
[Date "2020.12.29"]
[Round "1"]
[White "Werner, Florin"]
[Black "Koll, Linus"]
[Result "0-1"]
[Termination "normal"]
[Board "8.3"]
[WhiteElo "1533"]
[BlackElo "1963"]
[WhiteTeam "VSG 1880 Offenbach"]
[BlackTeam "Karlsruher SF 1853"]
[PlyCount "44"]
[WhiteFideId "16250230"]
[BlackFideId "12990299"]
[EventRounds "7"]
[EventType "team-swiss"]
[EventDate "2020.12.29"]

1. e4 {[%emt 0:01:25]} c5 {[%emt 0:00:03]} 2. Nf3 {[%emt 0:00:05]} d6 {[%emt
0:00:01]} 3. d4 {[%emt 0:00:03]} cxd4 {[%emt 0:00:01]} 4. Nxd4 {[%emt 0:00:00]}
Nf6 {[%emt 0:00:02]} 5. Nc3 {[%emt 0:00:03]} g6 {[%emt 0:00:01]} 6. Bc4 { [%emt
0:00:04]} Bg7 {[%emt 0:00:01]} 7. Bb3 {[%emt 0:00:02]} O-O {[%emt 0:00:03]} 8.
Be3 {[%emt 0:00:02]} Nc6 {[%emt 0:00:03]} 9. O-O {[%emt 0:00:03]} Ng4 { [%emt
0:00:07]} 10. Nxc6 {[%emt 0:00:06]} bxc6 {[%emt 0:00:15]} 11. Bg5 { [%emt
0:00:10]} Qa5 {[%emt 0:00:08]} 12. Qd3 {[%emt 0:00:06]} Re8 {[%emt 0:00:17]}
13. h3 {[%emt 0:00:17]} Qxg5 {[%emt 0:00:20]} 14. hxg4 {[%emt 0:00:06]} Bxg4
{[%emt 0:00:03]} 15. Qc4 {[%emt 0:00:06]} Rf8 {[%emt 0:00:31]} 16. f4 { [%emt
0:00:57]} Qh4 {[%emt 0:00:25]} 17. Qd3 {[%emt 0:00:24]} c5 {[%emt 0:00:04]} 18.
e5 {[%emt 0:00:20]} dxe5 {[%emt 0:00:13]} 19. fxe5 {[%emt 0:00:00]} Bxe5 {[%emt
0:00:03]} 20. Nd5 {[%emt 0:00:07]} Bh2+ {[%emt 0:00:11]} 21. Kh1 { [%emt
0:00:11]} Bg3+ {[%emt 0:00:01] Offenba1-003 offers a draw} 22. Kg1 { [%emt
0:00:28]} Qh2# {[%emt 0:00:03]} 0-1